00573nam a22001937a 450000500170000001000110001702000100002803700160003804000120005408200130006610000200007924500660009926000360016527000620020130000240026350000480028765000250033565000190036020170124105930.0 a890584 c00.00 bCen Lib/Ret aDPLbEN a385bPAT aPatankar, P . G aUrbab mobility in developing countries / cby P .G . Patankar aBombaybPopular Prakashanc1978 a35c, Tardeo Road , Popular Press BuildingbBombaye400034 axiv,152p.c21cm(Hb) aincludes bibliographic referneces and index aUrban transportation aTransportation